| 000 | 00582nam a2200181Ia 4500 | ||
|---|---|---|---|
| 003 | GCL | ||
| 008 | 140319s9999 xx 000 0 ara d | ||
| 040 |
_aGCL / _cGCL |
||
| 082 | 0 | 4 |
_a216 _bص ت |
| 100 | 1 | _aصدقى حسن ابوطالب | |
| 245 | 1 | 0 |
_aتطبيق الشريعة الاسلامية فى البلاد العربية / _cصدقى حسن ابوطالب |
| 260 |
_a[S.N] : _bدار النهضة العربية ، _c1992 |
||
| 300 | _a365 ص | ||
| 490 | _a | ||
| 650 | 0 | 4 | _aالعالم العربى |
| 650 | 0 | 4 | _aالشريعة الاسلامية |
| 942 |
_2ddc _cBK |
||
| 999 |
_c32085 _d32085 |
||